|
|
|
|
| LEADER |
00000cam a2200000 a 4500 |
| 001 |
vtls011718694 |
| 003 |
SK-MaSNL |
| 005 |
20260302090511.0 |
| 008 |
240318s2017 xo da e np 001 0 slo |
| 015 |
|
|
|a SNBA2017/11
|
| 020 |
|
|
|a 9788056800171
|q (brož.)
|
| 035 |
|
|
|a urn:nbn:sk:snk-am00djx8
|
| 035 |
|
|
|a urn:nbn:sk:snk-am3i4n0
|
| 035 |
|
|
|a 498DE0DE-2C28-4D81-BBF7-F412FC3E9957
|
| 040 |
|
|
|a SNK
|b slo
|c SNK
|e AACR2
|
| 041 |
0 |
|
|a slo
|
| 044 |
|
|
|a xo
|c SK
|
| 072 |
|
7 |
|a 544
|x Fyzikálna chémia
|2 konspekt
|
| 080 |
|
|
|a 544
|2 2011
|
| 080 |
|
|
|a (075.8)
|2 2011
|
| 100 |
1 |
|
|a Reguli, Ján,
|d 1953-
|4 aut
|9 118406
|
| 245 |
1 |
0 |
|a Fyzikálna chémia
|b pre bakalárske štúdium
|c Ján Reguli
|
| 250 |
|
|
|a 2. dopl. vyd.
|
| 260 |
|
|
|a Trnava
|b Typi Universitatis Tyrnaviensis
|c 2017
|
| 300 |
|
|
|a 289 s.
|b grafy, ilustr.
|c 24 cm
|
| 500 |
|
|
|a Typi Universitatis Tyrnaviensis spoločné pracovisko Trnavskej univerzity v Trnave a Vedy, vydavateľstva SAV
|
| 504 |
|
|
|a Bibliografia na strane 284 ; register
|
| 650 |
0 |
7 |
|a fyzikálna chémia
|2 SNKPH
|9 848
|
| 650 |
0 |
7 |
|a Physical chemistry
|2 SNKPHeng
|9 342621
|
| 655 |
|
7 |
|a učebnice vysokých škôl
|2 SNKPH
|9 70191
|
| 655 |
|
7 |
|a Textbooks (higher)
|2 SNKPHeng
|9 276436
|
| 919 |
|
|
|a 978-80-568-0017-1
|
| 958 |
|
|
|a NB
|
| 999 |
|
|
|c 1196913
|d 1198843
|
| 952 |
|
|
|a SNK
|b SNK
|y PREZ
|7 0
|p 17A1304014
|o snkSC 176783
|i snk2017/24214
|8 0
|0 0
|1 0
|4 0
|d 2017-11-06
|f 1
|l 0
|r 2025-09-18 00:00:00
|w 2026-02-24
|
| 952 |
|
|
|a SNK
|b SNK
|y VYP
|7 0
|p 17A1304015
|o snkSC 176783 D1
|i snk2017/24215
|8 0
|0 0
|1 0
|4 0
|d 2017-11-06
|l 0
|r 2026-02-24 22:29:53
|w 2026-02-24
|